[Event "Oslo Chess Festival 2018"]
[Site "Oslo"]
[Date "2018.10.04"]
[Round "7"]
[White "Vestby-Ellingsen, Mads"]
[Black "Melaa, Sondre Lillestøl"]
[Result "0-1"]
[WhiteElo "2410"]
[BlackElo "2077"]
[Annotator "TA"]
[PlyCount "174"]
[EventDate "2018.09.30"]
[EventCountry "NOR"]
[SourceTitle "playchess.com"]
[Source "ChessBase"]
[SourceQuality "1"]

{[%evp 14,174,42,51,78,74,102,102,102,102,102,102,95,95,88,88,93,84,83,79,72,42,66,47,75,72,85,71,73,75,88,70,62,32,44,43,67,31,113,107,121,129,183,29,102,86,84,84,107,79,48,10,86,58,424,450,506,458,1005,458,504,490,1125,1080,1114,1114,1044,997,960,0,954,600,953,869,827,356,347,377,440,425,362,335,268,70,79,0,0,-35,-31,-46,-45,-44,-6,-63,-8,-46,-46,-63,-63,-154,-154,-161,-153,-154,-154,-161,-154,-154,-154,-154,-154,-154,-154,-154,-154,-154,-154,-316,-316,-317,-309,-275,-154,-287,-287,-287,-196,-238,-181,-181,-181,-184,-180,-180,-187,-183,-183,-438,-2926,-5877,-5820,-5526,-5110,-2281,-1806,-1325,-807,-479,-241,-241,-241,-29965,-29966,-29982,-29983,-29983,-29984,-29984,-29985,-29985,-29986,-29986,-29987]} 1. d4 Nf6 2. c4 e6 3. Nf3 b6 4. a3 Bb7 5. Nc3 Be7 6. d5 O-O 7. e4 d6 8. Bd3 {LiveBook: 47 Games} c5 {E12: Queen's Indian: Unusual White 4th moves, 4 a3, 4 Nc3 Bb7 5 a3 and 4 Nc3 Bb7} (8... Nbd7 9. O-O Nc5 10. Bc2 a5 11. Re1 Nfd7 12. Bd2 Bf6 13. b4 Na6 14. Rb1 axb4 15. axb4 Ne5 16. Nxe5 Bxe5 {1-0 (50) Klekowski,M (2498)-Miton,K (2584) Katowice 2017}) 9. O-O exd5 10. exd5 Re8 {White is better.} 11. h3 $146 ({Predecessor:} 11. Ne2 Bc8 12. h3 Bf8 13. Ng3 Nbd7 14. b3 {1-0 (26) Danschczyk,C (2280)-Mensching,W Germany 1996}) 11... Nbd7 12. Bf4 a6 13. a4 Bf8 14. Qc2 g6 15. Bh2 Qc7 16. Nd2 Bg7 17. Rfe1 Rad8 18. g4 h6 19. f4 Bc8 20. Nf3 Rxe1+ 21. Rxe1 Re8 22. Rxe8+ (22. Rf1 {seems wilder.} Nf8 23. f5 g5 24. Nd2 N8d7 25. Nde4) 22... Nxe8 23. Qe2 Qd8 24. Bg3 Kf8 25. Qd2 Bf6 (25... Ndf6 $14) 26. f5 $16 g5 27. Ne4 Be5 (27... Be7 $16 28. Qh2 Ndf6) 28. h4 $2 (28. Nxe5 $18 Nxe5 29. Bxe5 dxe5 30. Qh2) 28... Nef6 (28... Bxg3 $11 29. Nxg3 Nef6) 29. Nxf6 Qxf6 30. hxg5 hxg5 31. Nxg5 {Hoping for Nh7+.} Qg7 32. Bf4 Bxf4 (32... Ke7 $11) 33. Qxf4 Qxb2 $2 {[%mdl 8192]} (33... Ke7 $14) 34. Qxd6+ $18 Ke8 {...Qc1+ is the strong threat.} 35. Nf3 Qc3 (35... Qf6 $142 36. Qc7 Qd8) 36. Be2 (36. Qc6 $142 Bb7 37. Qxb7 Qxd3 38. Qc8+ Ke7 39. Qxd7+ $1 {[%mdl 512]} Kxd7 40. Ne5+ Ke8 41. Nxd3) 36... Qe3+ 37. Kf1 a5 (37... Kd8 $142 38. g5 Bb7) 38. Qc6 Kd8 39. d6 {Intending Qc7+ and mate.} Ba6 40. Qa8+ Bc8 41. Qc6 {White wants to mate with Qc7+.} Ba6 42. Qd5 Qc1+ 43. Kf2 Qf4 44. Qxf7 (44. g5 $142) 44... Qxd6 45. Qd5 Qf4 46. Qd2 Qe4 47. Qd3 Qf4 {[#]} 48. g5 $2 (48. Qd5 $1 $18) 48... Kc7 $14 49. Ke1 (49. Qe3 $16 Qxf5 50. Bd3) 49... Bb7 $11 50. g6 Be4 $36 {[%mdl 2048] Black has good play.} 51. Qc3 Bxf5 52. g7 Be6 53. Kd1 (53. Nd2 $1 $11) 53... Qf6 (53... Nf6 $1 $15) 54. Qxf6 (54. Kd2 {is more complex.} Qxc3+ 55. Kxc3 Nf6 56. Ng5 Bg8 57. Bf3) 54... Nxf6 {[%mdl 4096] Endgame KBN-KBN} 55. Kd2 Ne8 56. Kc3 (56. Ng5 $15 Bg8 57. Bh5 Nxg7 58. Bf7 Bxf7 59. Nxf7) 56... Nxg7 $17 57. Bd3 Ne8 58. Ne1 Bd7 59. Kb3 Ng7 60. Bc2 Ne6 61. Kc3 Nd4 62. Bd1 Kd6 63. Ng2 Ke5 64. Ne3 Be6 65. Nf1 $2 (65. Kd3 $17 {was worth a try.}) 65... Kf4 $19 66. Kd3 Bf5+ 67. Kd2 Ke5 (67... Be4 $19 68. Kc3 Nf5) 68. Ke3 (68. Ne3 $17 {is a better defense.}) 68... Nc2+ 69. Kd2 Nb4 70. Ke3 Na2 71. Nd2 Nc3 72. Nf3+ Kd6 73. Bb3 Bd7 74. Kd2 Nxa4 75. Bxa4 $2 (75. Ne1) 75... Bxa4 {KB-KN} 76. Kd3 Bd7 77. Kc3 Bg4 78. Nd2 Ke5 79. Nb1 Ke4 80. Na3 Bd7 {Threatens to win with ...Ke3.} 81. Nb1 Ke3 82. Nd2 $2 (82. Na3 $19) 82... Bf5 {Black mates.} 83. Nf1+ Kf2 84. Nd2 a4 85. Kb2 Ke2 86. Kc1 Bg6 87. Nb1 Bxb1 {Precision: White = 42%, Black = 53%.} 0-1

[Event "Oslo Chess Festival 2018"]
[Site "Oslo"]
[Date "2018.10.04"]
[Round "7"]
[White "Haug, Johannes"]
[Black "Cherniaev, Alexander"]
[Result "1-0"]
[WhiteElo "2391"]
[BlackElo "2384"]
[Annotator "TA"]
[PlyCount "77"]
[EventDate "2018.09.30"]
[EventCountry "NOR"]
[SourceTitle "playchess.com"]
[Source "ChessBase"]
[SourceQuality "1"]

{[%evp 25,77,57,64,64,91,95,85,96,101,102,95,90,156,167,183,188,299,281,245,262,510,502,497,326,371,379,527,517,518,520,450,417,421,430,418,425,475,470,641,643,648,650,635,639,796,581,552,366,995,538,261,110,952,935]} 1. d4 Nf6 2. c4 g6 3. g3 Bg7 4. Bg2 O-O 5. Nf3 d6 6. O-O c6 7. Nc3 Qa5 8. e4 Bg4 9. h3 Bxf3 10. Bxf3 Nbd7 11. a3 e5 12. d5 cxd5 13. cxd5 Rfc8 {LiveBook: 8 Partien. E62: Königsindisch (6...Sc6)} 14. g4 {[%cal Bg3g4,Bg4g5,Bg5h6][%mdl 32]} (14. Be3 a6 15. Qe2 h5 16. Rac1 Qd8 17. b4 Kh7 18. g4 hxg4 19. hxg4 Kg8 20. g5 Nh7 21. Bg4 {1-0 (70) Greenfeld,A (2549)-Schebler,G (2482) Saint Vincent 2005}) 14... Qd8 $146 ({Vorgänger:} 14... Ne8 15. g5 f5 16. gxf6 Nexf6 17. Bg4 Nxg4 18. hxg4 Qd8 19. g5 Qe7 20. Be3 Nb6 21. Rc1 {1-0 (41) Bates,R (2355)-Radovanovic,J (2280) Richmond 1995}) 15. g5 Ne8 {Weiß steht besser.} 16. Bg4 h5 17. gxh6 Bf6 18. Qf3 {h4 ist eine echte Drohung.} Rcb8 {[#]} (18... Qe7 $142 19. Be3 Bh4 20. Bxd7 Qxd7) 19. h4 $1 $36 {[%cal Rh4h5][%mdl 2048] Schwarz muss aufpassen.} Nf8 20. h5 Nh7 (20... Qe7 {ist eine bessere Verteidigung.} 21. hxg6 Nxg6) 21. hxg6 fxg6 22. Qg2 Bg5 $2 (22... Qe7 {war angesagt.} 23. Bf5 Nf8) 23. f4 $18 exf4 24. Bxf4 Kh8 25. Ne2 Nef6 26. Bxg5 Nxg5 27. Nf4 Kh7 28. Be2 Nd7 29. Kh2 (29. Ne6 Nxe6 30. Rf7+ (30. dxe6 Ne5 $14) 30... Kh8 $16) 29... Ne5 30. Rg1 Kxh6 31. Qg3 Qe7 32. Qh4+ Kg7 33. Rxg5 {[#] Droht stark Sxg6.} Rh8 34. Nh5+ $1 Kf8 35. Kg2 Ke8 36. Qg3 gxh5 $2 (36... Rc8 37. Re1 Rc2) 37. Bb5+ Kd8 38. Rg7 ({Schlechter ist} 38. Rg8+ Rxg8 39. Qxg8+ Kc7 $11) (38. Rc1 $18 {bietet bessere Gewinnchancen. Droht Matt per Tg8+.} Rf8 39. Rg7 (39. Rxh5 Rc8 $11)) 38... Qf6 $2 {[%mdl 8192]} (38... h4 $16 39. Rxe7 hxg3 40. Rxb7 Rc8) 39. Rc1 {Precision: Weiß = 76%, Schwarz = 30%.} 1-0

[Event "Oslo Chess Festival 2018"]
[Site "Oslo"]
[Date "2018.10.04"]
[Round "7"]
[White "Ranaldi, Lucas"]
[Black "Kaasen, Tor Fredrik"]
[Result "0-1"]
[WhiteElo "2335"]
[BlackElo "2388"]
[Annotator "TA"]
[PlyCount "102"]
[EventDate "2018.09.30"]
[EventCountry "NOR"]
[SourceTitle "playchess.com"]
[Source "ChessBase"]
[SourceQuality "1"]

{[%evp 21,102,16,14,14,12,12,45,0,0,0,3,14,8,0,-4,-30,1,-4,36,0,19,21,119,82,84,62,62,62,56,60,60,52,69,69,69,69,69,69,69,69,91,91,101,93,126,119,121,124,131,118,181,178,168,41,129,75,197,11,158,16,184,191,204,162,169,-655,-655,-645,-629,-616,-594,-1011,-1011,-1011,-922,-982,-763,-5616,-4722,-12847,-10251,-4631,-4630]} 1. c4 e6 2. g3 Nf6 3. Bg2 d5 4. Nf3 dxc4 5. Qa4+ c6 6. Qxc4 b5 7. Qb3 Bb7 8. d4 Nbd7 9. O-O {D30: Queen's Gambit Declined: Systems without Nc3} Be7 $146 ({Predecessor:} 9... a6 10. Ne5 Nxe5 11. dxe5 Nd7 12. Bf4 Qc7 13. Nd2 Be7 14. Ne4 {½-½ (77) Macieja,B (2524)-Sanchez Enriquez,O (2362) Mexico City 2017}) 10. Ne5 Nxe5 11. dxe5 Nd7 {LiveBook: 4 Games} 12. Rd1 Qc7 13. Nc3 a6 14. Bf4 c5 15. Ne4 Bxe4 16. Bxe4 Rd8 17. h4 O-O 18. Qd3 h6 19. Qe3 Rfe8 20. Bxh6 Nxe5 {And now ...f5 would win.} 21. Bf4 $36 {[%mdl 2048] Strongly threatening Bxe5. White is more active.} f6 (21... Bf6 $11 {remains equal.}) 22. Bg6 Rf8 23. Bxe5 (23. Bc2 {feels hotter.} Rd5 24. Qe4 f5 25. Qg2 Rxd1+ 26. Rxd1 Bf6 27. e4) 23... Qxe5 24. Qxe5 fxe5 25. e3 c4 26. Kf1 e4 27. Ke2 Bf6 28. Rxd8 Rxd8 $14 {[%mdl 4096] Endgame KRB-KRB} 29. Rb1 a5 30. Bxe4 a4 31. f4 b4 32. Bc6 b3 33. axb3 $1 (33. Bxa4 bxa2 34. Ra1 Bxb2 $11) 33... axb3 34. Bb5 Rc8 35. Bd7 Rc7 (35... Rc5 $16 {might work better.}) 36. Bxe6+ $18 Kf8 37. e4 ({White should play} 37. g4 $18) 37... Bd4 (37... Ke7 $14 38. Bxc4 Rxc4) 38. e5 (38. Kf3 $142) 38... Ke7 (38... Bxb2 $16 39. Bxc4 (39. Rxb2 $2 c3 $19) 39... Rxc4) 39. Bd5 $2 ({White has to play} 39. Bf5 $1 $18) 39... Rc5 (39... Bxb2 $1 $11 40. Bxc4 (40. Rxb2 $2 c3 $19) 40... Rxc4) 40. Bg8 (40. Be4 $16) 40... Rc8 $2 (40... Bxb2 $1 $11 41. Bxc4 (41. Rxb2 $2 c3 $19) 41... Rxc4) 41. Bh7 $1 Ra8 {Threatening ...Bxb2.} 42. Be4 Ra5 {With the idea ...Bxb2.} 43. Bg2 $4 {[%mdl 8192] [#]} (43. Kf3 $18) 43... Bxb2 $1 $19 {Black is clearly winning.} 44. Bd5 Rxd5 45. Rxb2 {KR-KR} Rd3 46. Rb1 Rxg3 47. f5 Rg2+ 48. Ke3 b2 49. Kd4 {[#]} Rc2 $1 50. f6+ gxf6 51. exf6+ Kxf6 {Precision: White = 40%, Black = 40%.} 0-1

[Event "Oslo Chess Festival 2018"]
[Site "Oslo"]
[Date "2018.10.04"]
[Round "7"]
[White "Nordquelle, Daniel"]
[Black "Dale, Gunnar Brandshaug"]
[Result "1-0"]
[WhiteElo "2235"]
[BlackElo "1771"]
[Annotator "TA"]
[PlyCount "87"]
[EventDate "2018.09.30"]
[EventCountry "NOR"]
[SourceTitle "playchess.com"]
[Source "ChessBase"]
[SourceQuality "1"]

{[%evp 17,87,-18,-5,-17,-10,-39,-39,-41,-40,-44,-28,-46,-41,-80,-73,-82,-90,-102,-47,-66,-47,-53,-73,-59,8,0,31,38,39,8,9,-194,-184,-197,-168,-177,-181,-360,-133,-118,-116,-120,104,24,91,60,210,211,211,189,373,0,514,436,29989,29990,29992,29993,29995,29996,29996,29993,29993,29994,29994,29995,29997,29997,29997,29998,29998,29999]} 1. e4 e6 2. d3 d5 3. Nd2 Nf6 4. Ngf3 c5 5. g3 Nc6 6. c3 Be7 7. Bg2 O-O 8. O-O Qc7 9. Re1 Rd8 10. e5 {C00: Französische Verteidigung (Seltene Züge)} Nd7 {[%cal Rd7e5]} 11. Qe2 b5 12. h4 {Schwarz steht etwas besser.} a5 13. Nf1 Ba6 $146 ({Vorgänger:} 13... b4 14. Bf4 bxc3 15. bxc3 Rb8 16. N1h2 Ba6 17. Ng4 Qb6 {0-1 (37) Tomerlin,S (2282)-Mrkonjic,N (2347) Osijek 2004}) 14. a4 b4 15. N1h2 Rab8 16. Ng4 bxc3 17. bxc3 Rb3 (17... h5 $17 18. Ngh2 Rb3) 18. Qc2 $1 $15 {[%cal Rc2b3]} Rdb8 $36 {[%mdl 2048] Droht stark ...h5. Schwarz hat Initiative.} 19. h5 {[%cal Bh4h5,Bh5h6][%mdl 32]} d4 20. c4 R3b6 ({Besser ist} 20... Rc3 $15 21. Qe2 Nb4) 21. Qe2 Nb4 22. h6 {Schwarz muss nun hxg7 beachten.} g6 $1 23. Ng5 Bb7 24. Be4 $2 (24. Bxb7 $11 Qxb7 25. Ne4) 24... Bxg5 $1 $19 ({Lieber nicht} 24... Nxe5 25. Nxe5 Bxg5 26. Bxg5 $16) 25. Bxg5 Bxe4 26. Qxe4 {und nun wäre Df3 stark für Weiss.} Nc2 $1 {[%csl LRa1,LRe1]} 27. Qf4 $2 (27. Qf3 Nxe1 28. Rxe1) 27... Qc8 $2 ({Nur nicht} 27... Nxa1 $2 28. Nf6+ Kh8 29. Ne8 $18) (27... Nxe1 $19 {ist viel giftiger.} 28. Rxe1 Rb1) 28. Be7 $17 {[#]} f5 $1 ({Jedoch nicht} 28... Nxa1 $2 29. Nf6+ Nxf6 30. Qxf6 $18) 29. exf6 {[#] Droht Matt per f7+.} Qe8 $2 (29... Kf7 $1 $17 {hält den Druck.} 30. Nh2 Nxe1 31. Rxe1 Rb1) 30. Kh2 (30. Ne5 $16 {Weiss will mit f7+ Matt setzen.} Nxe5 31. Qxe5) 30... Nxa1 $11 31. Rxa1 Rb1 (31... Kf7 $1 $14) 32. Rxb1 $18 Rxb1 33. Qd6 Kf7 $2 (33... g5 34. f7+ Kxf7 35. Bxg5 Kg6) 34. Qc6 $2 ({Günstiger ist} 34. Qc7 $18) 34... Rb8 $2 {[%mdl 8192]} (34... Nxf6 $1 $11 35. Ne5+ Kxe7 36. Qc7+ Nd7 37. Nc6+ Kf7 38. Ne5+ Ke7 39. Nc6+ Kf8) 35. Bd6 Rc8 (35... Rb6 $18 36. Qc7 Rxd6) 36. Qb7 {Weiß setzt Matt.} e5 37. Nxe5+ Ke6 38. Qd5+ Kf5 {[#]} 39. Ng4+ $1 {[%mdl 512]} Ne5 (39... Kxg4 40. f3#) 40. Nxe5 g5 41. f7 Qxa4 42. Nd7+ Kg6 43. Qe6+ Kh5 44. g4+ {Precision: Weiß = 47%, Schwarz = 38%.} 1-0

[Event "Oslo Chess Festival 2018"]
[Site "Oslo"]
[Date "2018.10.04"]
[Round "7"]
[White "Solberg, Joachim"]
[Black "Siddharth, Jagadeesh"]
[Result "1/2-1/2"]
[WhiteElo "2188"]
[BlackElo "2124"]
[Annotator "TA"]
[PlyCount "119"]
[EventDate "2018.09.30"]
[EventCountry "NOR"]
[SourceTitle "playchess.com"]
[Source "ChessBase"]
[SourceQuality "1"]

{[%evp 26,119,-2,-3,20,21,26,28,76,68,74,12,37,11,9,-3,-4,-7,6,7,7,5,15,0,0,-5,-8,-21,22,14,22,22,22,22,24,14,22,0,39,19,18,18,14,14,18,15,27,22,62,21,55,16,23,0,0,0,0,0,14,0,0,0,0,0,0,0,0,0,0,0,14,14,14,14,14,7,7,7,7,7,7,7,7,7,7,7,7,7,7,7,7,0,0,0,0,0]} 1. d4 Nf6 2. Nf3 e6 3. g3 b6 4. Bg2 Bb7 5. O-O Be7 6. c4 O-O 7. Nc3 Ne4 8. Nxe4 Bxe4 9. Ne1 Bxg2 10. Nxg2 d5 11. Qa4 dxc4 12. Qxc4 c5 13. Be3 cxd4 {E18: Queen's Indian: Old Main Line (4 g3 Bb7 5 Bg2 Be7 6 0-0 0-0 7 Nc3)} 14. Bxd4 {LiveBook: 66 Games} b5 (14... Qc8 15. Rfc1 Qxc4 16. Rxc4 Na6 17. Rac1 Rfd8 18. a4 f6 19. Ne3 Kf7 20. Kg2 Nc5 21. Bxc5 Bxc5 22. b4 Bxe3 23. Rc7+ Ke8 24. fxe3 {½-½ (24) Bacrot,E (2721)-Naiditsch,A (2697) Dortmund 2009}) 15. Qc3 b4 16. Qf3 Na6 17. Rfd1 Qa5 18. Nf4 $146 (18. Ne3 $16) ({Predecessor:} 18. Ne3 Bc5 19. Ng4 Bxd4 20. Rxd4 Rad8 21. Nh6+ gxh6 22. Rg4+ Qg5 23. h4 Qxg4 24. Qxg4+ Kh8 25. Qc4 Rd6 26. a3 {1-0 (26) Koop,T (2411)-Vatter,H (2260) St Veit 2015}) 18... Rfd8 {[#] White must now prevent ...e5.} 19. Qe3 {Black should prevent Nxe6!} Nc7 20. Be5 Nd5 21. Qb3 Nf6 22. Bxf6 Bxf6 23. Rxd8+ Rxd8 24. Nd3 Qh5 25. Qc2 a5 26. Rc1 Qd5 27. Qc4 g6 (27... Qg5 {with more complications.} 28. Kg2 g6 29. Rc2 Qf5 30. h4 Bd4) 28. Qxd5 Rxd5 $11 {[%mdl 4096] Endgame KRB-KRN} 29. Rc8+ Kg7 30. b3 Be7 31. Rc4 e5 32. f3 h5 33. Kf2 Bd8 34. Rc6 h4 35. Ke1 hxg3 36. hxg3 Be7 37. Rc4 f6 38. g4 Kf7 39. Rc6 f5 {The position is equal.} 40. gxf5 gxf5 41. Rc4 (41. f4 {is interesting.} Bh4+ 42. Kf1 e4 43. Ne5+ Kg7 44. Rc7+) 41... Bd8 42. Rc5 Rxc5 43. Nxc5 {KB-KN} Bb6 44. Nd3 Bc7 45. Kd2 Ke6 46. e4 Bb6 47. Nb2 fxe4 48. fxe4 Bc7 49. Kd3 Kd6 50. Kc4 {Kb5 is the strong threat.} Kc6 $1 51. Nd3 Bd6 52. Nf2 Bb8 53. Ng4 Bd6 54. Nh6 Bc7 55. Nf5 {And now Ne7+ would win.} Bd8 56. Ng7 Bf6 57. Nh5 Bd8 58. Ng7 Bf6 59. Ne6 Be7 60. Ng7 {Precision: White = 49%, Black = 55%.} 1/2-1/2

[Event "Oslo Chess Festival 2018"]
[Site "Oslo"]
[Date "2018.10.04"]
[Round "7"]
[White "Vitenberg, Noam Aviv"]
[Black "Holm, Kristian Stuvik"]
[Result "0-1"]
[WhiteElo "2175"]
[BlackElo "2474"]
[Annotator "TA"]
[PlyCount "84"]
[EventDate "2018.09.30"]
[EventCountry "NOR"]
[SourceTitle "playchess.com"]
[Source "ChessBase"]
[SourceQuality "1"]

{[%evp 14,84,18,6,10,12,7,13,0,1,17,0,30,-10,-10,-10,-9,-12,0,-47,-6,-7,0,0,0,0,0,-15,-39,-59,-51,-78,-68,-87,-86,-80,-74,-61,-83,-174,-168,-168,-176,-173,-170,-222,-219,-272,-272,-272,-272,-264,-264,-713,-652,-1231,-1212,-1204,-1203,-1187,-1185,-29976,-29978,-29980,-29981,-29979,-29975,-29974,-29975,-29971,-29970,-29975,-29977]} 1. d4 Nf6 2. Nf3 d5 3. c4 e6 4. Nc3 dxc4 5. e3 a6 6. a4 b6 {D24: Queen's Gambit Accepted: 3 Nf3 Nf6 4 Nc3} 7. Bxc4 Bb4 (7... Bb7 8. O-O Bb4 9. Qe2 O-O 10. Rd1 Qe7 11. Na2 Bd6 12. Nc3 Bb4 13. Na2 Bd6 14. Nc3 {½-½ (14) Mamedyarov,S (2799)-Grischuk,A (2772) Huaian 2017}) 8. O-O {LiveBook: 4 Games} O-O {The position is equal.} 9. Qc2 Bb7 10. b3 $146 ({Predecessor:} 10. Be2 Nbd7 11. b3 Rc8 12. Bb2 c5 13. Rfd1 cxd4 14. Rxd4 {½-½ (44) Haug,J (2328)-Schroeder,J (2539) Helsingor 2017}) 10... c5 11. Na2 Nc6 {[%cal Rc5d4]} 12. Rd1 Qc7 13. Qe2 Na5 14. Bb2 Nxc4 15. Qxc4 Bd5 16. Qc2 Qb7 17. Nxb4 cxb4 18. Ne1 Rac8 (18... Rfc8 $5 19. Qd3 $8 Be4 $11) 19. Qd3 Ne4 20. Rdc1 f5 21. a5 bxa5 22. Rxa5 Rxc1 23. Bxc1 Rc8 $36 {[%cal Bf8c8,Bc8c6,Bc6f6][%mdl 2080] Black has strong initiative.} 24. Bb2 Rc6 25. f3 Qb6 $1 {[%cal Rb6a5]} 26. Rxd5 (26. Ra1 $17 Nc3 27. Qd2) 26... exd5 $19 27. fxe4 fxe4 28. Qe2 Rf6 29. g3 {[#]} (29. h3 $142) 29... a5 $1 30. Ng2 Qa6 31. Nf4 Qxe2 32. Nxe2 Rc6 {aiming for ...Rc2.} 33. Kf1 $2 (33. Kf2) 33... Rc2 34. Bc1 {[#] If White can now play Ke1 this consolidates a bit.} a4 $1 {[%mdl 512]} 35. bxa4 b3 36. Ba3 Ra2 37. Ke1 Rxa3 {Black mates.} 38. Kd1 Ra1+ 39. Kd2 b2 40. Nc3 b1=Q 41. Nxb1 Rxb1 42. Kc2 Rb4 {Precision: White = 46%, Black = 84%.} 0-1

[Event "Oslo Chess Festival 2018"]
[Site "Oslo"]
[Date "2018.10.04"]
[Round "7"]
[White "Rishovd, Svein"]
[Black "Salles, Louis"]
[Result "1-0"]
[WhiteElo "2081"]
[BlackElo "2247"]
[Annotator "TA"]
[PlyCount "73"]
[EventDate "2018.09.30"]
[EventCountry "NOR"]
[SourceTitle "playchess.com"]
[Source "ChessBase"]
[SourceQuality "1"]

{[%evp 24,73,66,51,75,67,106,108,122,114,155,177,179,132,195,195,188,171,179,172,166,190,155,79,77,37,216,200,344,337,892,869,1304,1213,29987,29988,29989,29990,29990,29974,5265,1943,1898,1898,1815,1828,1695,1695,1555,1471,5081,2154]} 1. d4 Nf6 2. c4 c5 3. d5 e6 4. Nc3 exd5 5. cxd5 d6 6. Nf3 g6 7. Bf4 a6 8. a4 Bg7 9. h3 O-O 10. e3 Re8 {A61: Modern Benoni: Nf3 without early e4} 11. Nd2 Nbd7 12. Be2 Ne5 13. Bh2 {LiveBook: 9 Games} g5 14. O-O h6 $146 ({Predecessor:} 14... g4 15. Bxe5 Rxe5 16. hxg4 Nxd5 17. Nxd5 Rxd5 18. Qc2 {½-½ (37) Edouard,R (2620)-Zeller,F (2395) Switzerland 2016}) 15. Qc2 g4 {[#]} 16. f4 $1 {[%cal Rf4e5]} gxf3 17. Nxf3 Ng6 18. Bd3 Nf8 (18... Rxe3 $16 19. Bxg6 fxg6) 19. Rae1 Bd7 20. e4 Ng6 21. e5 Nxe5 22. Nxe5 dxe5 {[#]} 23. Bxe5 (23. Qf2 $142 $1) 23... c4 $16 24. Bxc4 {And now Qf2 would win.} Qb6+ $2 (24... Rxe5 $1 $14 25. Rxe5 Qc7) 25. Kh1 $18 Rxe5 (25... Qb4 $142) 26. Rxe5 Ng4 $2 (26... Rf8 27. Qb3 Qxb3 28. Bxb3 Re8) 27. hxg4 Bxe5 {[#]} 28. d6 $1 {[%mdl 512]} Be6 (28... Qxd6 29. Rxf7) 29. Bxe6 fxe6 30. Qg6+ Bg7 31. Rf7 {[%csl Gf7][%cal Rg6g7]} Qd4 32. Ne4 (32. d7 $142 Kh8 33. Ne4) 32... Rf8 33. Nf6+ Qxf6 34. Rxf6 Rxf6 35. Qe8+ Kh7 36. g3 h5 37. d7 {Precision: White = 67%, Black = 39%.} 1-0

[Event "Oslo Chess Festival 2018"]
[Site "Oslo"]
[Date "2018.10.04"]
[Round "7"]
[White "Smeby, Ole"]
[Black "Risting, Eivind Olav"]
[Result "1-0"]
[WhiteElo "2001"]
[BlackElo "2299"]
[Annotator "TA"]
[PlyCount "63"]
[EventDate "2018.09.30"]
[EventCountry "NOR"]
[SourceTitle "playchess.com"]
[Source "ChessBase"]
[SourceQuality "1"]

{[%evp 16,63,49,48,47,24,39,32,61,40,44,33,37,20,20,26,46,-70,0,0,0,0,0,-7,0,0,189,178,268,265,274,259,254,256,236,158,154,157,357,232,471,459,423,431,29989,2570,2908,2201,2322,2125]} 1. d4 Nf6 2. c4 b6 3. Nf3 Bb7 4. e3 g6 5. Nc3 Bg7 6. Bd3 O-O 7. O-O d6 8. e4 Nbd7 9. h3 {LiveBook: 6 Partien. E91: Königsindisch (Klassisches System)} a6 $146 ({Vorgänger:} 9... e5 10. Be3 exd4 11. Bxd4 Re8 12. Re1 Nc5 13. Bc2 a5 14. Qd2 Nfxe4 15. Bxe4 Bxe4 16. Bxg7 Kxg7 17. Nxe4 Rxe4 18. Rxe4 Nxe4 {0-1 (51) Halkias,S (2585)-Bortnyk,O (2581) Tallinn 2016}) 10. Be3 e6 11. Qd2 {Weiß steht etwas besser.} Rb8 12. Bh6 b5 13. Bxg7 Kxg7 14. cxb5 axb5 {Droht ...b4.} 15. a3 $36 {[%mdl 2048] Weiss steht aktiver.} c5 16. e5 ({Besser ist} 16. Bxb5 $14 Bxe4 17. Nxe4 Nxe4 18. Qe2) 16... Ne8 (16... dxe5 $15 17. dxe5 Bxf3 18. exf6+ Nxf6) 17. Bxb5 $11 Bxf3 $1 18. gxf3 cxd4 19. Qxd4 {Droht Lxd7 und aus.} Qg5+ 20. Qg4 Qe7 $2 {[#]} (20... Qxg4+ $11 {und Schwarz muss sich keine Sorgen machen.} 21. fxg4 Nxe5) 21. exd6 $1 $18 Qd8 (21... Nxd6 $142 22. Bxd7 Qxd7) 22. Bxd7 Qxd7 23. Qd4+ f6 24. Ne4 {[%cal Bc3e4,Be4c5,Bc5e6,Be6f8,Bf8e6,Be6g5][%mdl 32]} e5 25. Qd5 Qxh3 26. Nc5 {Se6+ ist eine echte Drohung.} Nxd6 $2 (26... Kh6 $16 {ist wohl besser.} 27. Ne6 Ng7 28. Nxf8 Nf5) 27. Ne6+ Kh8 $2 (27... Kh6 {war angesagt.}) 28. Nxf8 ({Lieber nicht} 28. Qxd6 Qxf3 29. Qd1 Qf5 $11) 28... Nf5 {[#]} 29. Qf7 $1 Rb7 (29... Nd4 $18 30. Qxh7+ Qxh7 31. Nxh7 Kxh7) 30. Qxf6+ (30. Nd7 $142 Rb8 31. Nxb8 Qh6 32. Rfc1 Nd6 33. Qxf6+ Kg8 34. Qxd6 Qg5+ 35. Kf1) 30... Kg8 31. Ne6 {[%csl Ge6][%cal Rf6f8]} Rb8 32. Ng5 {Precision: Weiß = 67%, Schwarz = 30%.} 1-0